José María Zeledón y la historia del Himno Nacional: poesía, patria y conciencia
Guardado en:
| Autor principal: | |
|---|---|
| Formato: | Libro |
| Lenguaje: | Undetermined |
| Publicado: |
San José, Costa Rica:
Ministerio de Cultura, Juventud y Deportes
[s.f.]
|
| Materias: | |
| Etiquetas: |
Agregar Etiqueta
Sin Etiquetas, Sea el primero en etiquetar este registro!
|
MARC
| LEADER | 00000nam a2200000Ia 4500 | ||
|---|---|---|---|
| 008 | 170316s9999 xx 000 0 und d | ||
| 090 | |a CG-001 A-1.3j | ||
| 100 | |a Arias Sánchez, Raúl Francisco | ||
| 245 | |a José María Zeledón y la historia del Himno Nacional: poesía, patria y conciencia | ||
| 260 | |a San José, Costa Rica: | ||
| 260 | |b Ministerio de Cultura, Juventud y Deportes | ||
| 260 | |c [s.f.] | ||
| 300 | |a 82 páginas | ||
| 650 | |a CULTURA GENERAL | ||
| 650 | |a HISTORIA | ||
| 650 | |a HIMNO NACIONAL | ||
| 999 | |c 30399 |d 30399 | ||
| 040 | |a cru BVZT | ||
| 942 | |c 15 D |h CG-001 A-1.3j |2 z | ||
